书目信息 |
| 题名: |
受伤的孩子和坏掉的大人
|
|
| 作者: | 陈志恒 著 | |
| 分册: | ||
| 出版信息: | 北京 北京联合出版公司 2018 |
|
| 页数: | 229页 | |
| 开本: | 21cm | |
| 丛书名: | 紫图书库 | |
| 单 册: | ||
| 中图分类: | B842.6 , G782 | |
| 科图分类: | ||
| 主题词: | 情绪--qing xu--自我控制--青少年教育--家庭教育 | |
| 电子资源: | ||
| ISBN: | 978-7-5596-2139-9 | |
| 000 | 00886nam 2200289 45 | |
| 001 | 012001003511 | |
| 005 | 20140113133844.0 | |
| 010 | @a978-7-5596-2139-9@dCNY49.90 | |
| 099 | @aCAL 012019004270 | |
| 100 | @a20181206d2018 em y0chiy50 ea | |
| 101 | 0 | @achi |
| 102 | @aCN@b110000 | |
| 105 | @ay z 000yy | |
| 106 | @ar | |
| 200 | 1 | @a受伤的孩子和坏掉的大人@Ashou shang de hai zi he huai diao de da ren@f陈志恒著 |
| 210 | @a北京@c北京联合出版公司@d2018 | |
| 215 | @a229页@d21cm | |
| 225 | 2 | @a紫图书库@Azi tu shu ku@i奇迹亲子馆@v033 |
| 306 | @a由圆神出版社授权出版 | |
| 308 | @a本书是紫图书库第6831种 | |
| 410 | 0 | @12001 @a紫图书库@i奇迹亲子馆@v033 |
| 606 | 0 | @a情绪@Aqing xu@x自我控制@x青少年教育@x家庭教育 |
| 690 | @aB842.6@v5 | |
| 690 | @aG782@v5 | |
| 701 | 0 | @a陈志恒@Achen zhi heng@4著 |
| 801 | @b江苏凤凰@c20191020 | |
| 905 | @b1236275-80@dB842.6@e3315@f6 | |
| 受伤的孩子和坏掉的大人/陈志恒著.-北京:北京联合出版公司,2018 |
| 229页;21cm.-(紫图书库.奇迹亲子馆;033) |
| ISBN 978-7-5596-2139-9:CNY49.90 |
| ● |
| 相关链接 |
|
|
|
|
正题名:受伤的孩子和坏掉的大人
索取号:B842.6/3315
 
预约/预借
| 序号 | 登录号 | 条形码 | 馆藏地/架位号 | 状态 | 备注 |
| 1 | 1236275 | 212362753 | 第一样本阅览室/ [索取号:B842.6/3315] | 在馆 | |
| 2 | 1236276 | 212362762 | 教育系资料室/ [索取号:B842.6/3315] | 在馆 | |
| 3 | 1236277 | 212362771 | 教育系资料室/ [索取号:B842.6/3315] | 在馆 | |
| 4 | 1236278 | 212362780 | 教育系资料室/ [索取号:B842.6/3315] | 在馆 | |
| 5 | 1236279 | 212362799 | 第一借阅区/ [索取号:B842.6/3315] | 在馆 | |
| 6 | 1236280 | 212362806 | 第一借阅区/ [索取号:B842.6/3315] | 在馆 |